vufinder Bibliothèque Municipale de Charleval de Provence
Se connecter
« Retourner aux résultats de recherche

Médecins d'Auschwitz (Les)

Book Cover
Auteur principal: Bruno Halioua
D'autres auteurs: Claude Quétel
Support: Livres
Langue: Francais
Genre: Documentaire
Sujets:
Étiquettes: Ajouter
Pas de Tags !

LEADER 00963nam0a2200193 450
001 16848318
010 |a 978-2-262-07061-8  |b br.  |d 24 € 
100 |a 20220107d2022 u u0frey01 ba 
101 0 |a fre 
102 |a FR 
200 0 |a Médecins d'Auschwitz (Les)  |f Bruno Halioua  |g préface de Claude Quétel 
207 1 |a   
215 |a 1 vol. (450 p.)  |d 21 x 14 cm 
330 |a S'appuyant sur de nombreux témoignages, l'auteur retrace l'histoire des médecins qui se trouvaient au camp d'Auschwitz Birkenau. Il s'intéresse à la fois aux personnes ne reculant devant aucun type d'expérience comme le docteur Josef Mengele mais aussi aux praticiens déportés qui faisaient de leur mieux pour soigner les malades qui les entouraient. 
700 0 |a Halioua  |b Bruno  |4 70 
702 0 |a Quétel  |b Claude  |4 80 
900 |a Documentaire 
901 |a Accessible au prêt 
995 |a Bibliothèque  |c Bibliothèque  |f 00156012317392  |h 00156012317392  |k 940.531 HAL  |o p  |q a  |r az  |e Bibliothèque 

Options de recherche

Historique de recherche
Recherche avancée

Trouver plus

Nouveautés

Besoin d'aide ?

Contacter un bibliothécaire